Statistics for World Geography General Knowledge #6

Click here to take the quiz!

General Stats

  • This quiz has been taken 160 times
  • The average score is 8 of 15

Answer Stats

HintAnswer% Correct
New Amsterdam was the previous name of which city?New York
91%
What country in engulfed by South Africa?Lesotho
86%
What is the offical language of Iceland?Icelandic
73%
What is the name of the sea in between Turkey and Greece?Aegean Sea
72%
What is the only country to start with a T, and ends in an O?Togo
70%
What Bay is in between Myanmar and India?Bay of Bengal
67%
What is the largest city in New Zealand's South Island?Christchurch
60%
What is the capital of Uzbekistan?Tashkent
60%
What is the least populous US state?Wyoming
58%
What is the country west of Senegal?Cape Verde
52%
What is the capital of the northwest territory in Canada?Yellowknife
33%
What is the largest mountain in Argentina?Aconcagua
27%
To the nearest hundred, how tall is mount Everest?8800
25%
What Strait separates the Australian states of Victoria and TasmaniaBass Strait
20%
In which Italian city would you find the Guinigi Tower?Lucca
5%

Score Distribution

Percentile by Number Answered

Percent of People with Each Score

Your Score History

You have not taken this quiz